Dirigeants(-tes) - CFDT - Statistiques

Statistiques générales
  • Ce quiz a été pris 2 fois
  • Le résultat moyen est 4 sur 17
Statistiques - réponses
HINT ANSWER % Correct
2012-2023 Laurent Berger
100%
1992-2002 Nicole Notat
100%
2002-2012 François Chérèque
50%
1919-1940 Jules Zirnheld
50%
Depuis 2023 Marylise Léon
50%
1967-1970 André Jeanson
0%
1971-1988 Edmond Maire
0%
1961-1971 Eugène Descamps
0%
1948-1953 Gaston Tessier
0%
1919-1948 Gaston Tessier
0%
1961-1967 Georges Levard
0%
1953-1961 Georges Levard
0%
1946-1948 Georges Torcq
0%
1988-1992 Jean Kaspar
0%
1971-1973 Laurent Lucas
0%
1953-1961 Maurice Bouladoux
0%
1948-1953 Maurice Bouladoux
0%
Aucun quiz correspondant
Distribution des résultats
% des personnes avec chaque résultat
Percentile par nombre de réponses
Votre historique - résultats
Vous n’avez pas pris ce quiz